000 00649nam a2200253Ia 4500
005 20250425162323.0
008 250425s9999 xx 000 0 und d
020 _a8448142373
041 _aspa
043 _asp
082 _a338
_pMOC
100 _aMochón Morcillo, Francisco
245 0 _aEconomía y turismo
_cFrancisco Mochón Morcillo
250 _aPrimera edición
260 _aMadrid
_bMC GRAW HILL
_c2004
300 _a423 páginas
_c25 cm.
650 _aEconomía
650 _aMercado Turístico
650 _aOferta turística
650 _aTurismo
902 _aMonográfico
_cImpreso
942 _c01
010 _a62050
999 _c226809
_d226809